000
00198nam a2200109Ia 4500
100
_a
#N/A
942
_c
BK
654
_a
nc-cnc
245
_a
NC > CNC - 1
260
_b
#N/A
_c
2004
546
_a
ENGLISH
999
_c
31563
_d
31563